Politics of truth (Record no. 6261)

MARC details
000 -LEADER
fixed length control field 00562nam a2200205Ia 4500
020 ## - INTERNATIONAL STANDARD BOOK NUMBER
ISBN 9781584350392
082 ## - DEWEY DECIMAL CLASSIFICATION NUMBER
Classification number 121 FOU-P
100 ## - MAIN ENTRY--AUTHOR NAME
Personal name Foucault, Michel
245 #0 - TITLE STATEMENT
Title Politics of truth
260 ## - PUBLICATION, DISTRIBUTION, ETC. (IMPRINT)
Place of publication Los Angeles
Name of publisher Semiotext
Year of publication 2007
300 ## - PHYSICAL DESCRIPTION
Number of Pages 195
440 ## - SERIES STATEMENT/ADDED ENTRY--TITLE
Title Semiotext(E) foreign agents series
650 ## - SUBJECT ADDED ENTRY--TOPICAL TERM
Topical Term Kant, Immanuel, 1724-1804
Form subdivision Criticism and interpretation
650 ## - SUBJECT ADDED ENTRY--TOPICAL TERM
Topical Term Political science
Form subdivision History
650 ## - SUBJECT ADDED ENTRY--TOPICAL TERM
Topical Term Ideology
Form subdivision History
650 ## - SUBJECT ADDED ENTRY--TOPICAL TERM
Topical Term Communism and society
650 ## - SUBJECT ADDED ENTRY--TOPICAL TERM
Topical Term Hermeneutics
700 ## - ADDED ENTRY--PERSONAL NAME
Personal name Lotringer, Sylvere
942 ## - ADDED ENTRY ELEMENTS (KOHA)
Koha item type Books
Holdings
Withdrawn status Lost status Damaged status Not for loan Home library Current library Date acquired Source of acquisition Bill Date Full call number Accession Number Price effective from Koha item type
        NASSDOC Library NASSDOC Library 12/11/2008 IPG 2008-09-10 121 FOU-P 44743 18/04/2019 Books